000 00773cam a22002531 4500
001 af 47002085
003 DLC
005 20260227110812.0
008 860107s1944 fr ab 000 0 fre c
010 _aaf 47002085
035 _a(OCoLC)12983728
040 _aHarvard Univ. Library
_cCLU
_dCLU
_dDLC
042 _apremarc
050 0 0 _aDC611.N733
_bD7
082 _a914.456
100 1 _aDrouillet, Jean.
245 0 3 _aLe Nivernais.
260 _aMoulins,
_bCrépin-Leblond,
_c1944.
300 _a3 p. l., 9-150 p., 1 l.
_billus. (map)
_c19 cm.
490 0 _aLe Livre régional
500 _a"Quelques livres à consulter sur le Nivernais et la Nièvre": p. 11-12.
651 0 _aNivernais (France)
_xDescription and travel.
651 0 _aNivernais (France)
_xHistory.
999 _c1548
_d1548